000 00539nam a2200205Ii 4500
003 JO-AjNU
008 230606s9999||||xx |||||||||||||| ||und||
020 _a81-8281-091-4
040 _aJO-AjNU
_beng
_erda
_cJO-AjNU
041 _aeng
050 1 4 _aKRM1050.2007
100 3 _aPorwal K L.M,
_eauthor
_914
245 0 0 _aCompany Law
264 3 1 _aVrinda P UBLICATIONS، 2007
300 _a497p
336 _atext
_btxt
_2rdacontent
337 _aunmediated
_bn
_2rdamedia
338 _avolume
_bnc
_2rdacarrier
650 4 _aCompany Law
_915
999 _aE11
_c11
_d11